Dogra Legends Of Art And Culture/ (Record no. 68327)

MARC details
000 -LEADER
fixed length control field 02598nam a22003257a 4500
005 - DATE AND TIME OF LATEST TRANSACTION
control field 20120705122055.0
010 ## - LCCN (DPL NO)
LC control number B-463685-695
020 ## - INTERNATIONAL STANDARD BOOK NUMBER
International Standard Book Number 8173870829
Terms of availability 500.00
035 ## - SYSTEM CONTROL NUMBER
System control number B-463685
037 ## - SOURCE OF ACQUISITION
Stock number dpl
Source of stock number/acquisition R.B.C./Ven
082 ## - DEWEY DECIMAL CLASSIFICATION NUMBER
Classification number 704.947
100 ## - MAIN ENTRY--PERSONAL NAME
Personal name Jearth, Ashok
245 ## - TITLE STATEMENT
Title Dogra Legends Of Art And Culture/
Statement of responsibility, etc By Ashok Jerath
260 ## - PUBLICATION, DISTRIBUTION, ETC. (IMPRINT)
Place of publication, distribution, etc New Delhi
Name of publisher, distributor, etc Indus Publisher
Date of publication, distribution, etc 1998
270 ## - ADDRESS
Address FS-5, Tagore Garden
City New Delhi
300 ## - PHYSICAL DESCRIPTION
Extent 261p.
Other physical details Index, ill
Dimensions 22cm
942 ## - ADDED ENTRY ELEMENTS (KOHA)
Source of classification or shelving scheme Dewey Decimal Classification
Item type English Books
Classification part 704.947
Call number suffix JER
Holdings
Withdrawn status Lost status Not for loan Collection code Home library Current library Date acquired Source of acquisition Cost, normal purchase price Full call number Barcode Copy number Cost, replacement price Koha item type
      Non-fiction Central Library Central Library 09/07/2012 RBC/27488/7.02.2012/18/16.01.2012/17.02.2012 500.00 704.947 JER B-463685 1 500.00 English Books
      Non-fiction Janak Puri Janak Puri 09/07/2012 RBC/27488/7.02.2012/18/16.01.2012/17.02.2012 500.00 704.947 JER B-463689 1 500.00 English Books
      Non-fiction Karol Bagh Karol Bagh 09/07/2012 RBC/27488/7.02.2012/18/16.01.2012/17.02.2012 500.00 704.947 JER B-463693 1 500.00 English Books
      Non-fiction Kasturba Gandhi Marg Kasturba Gandhi Marg 09/07/2012 RBC/27488/7.02.2012/18/16.01.2012/17.02.2012 500.00 704.947 JER B-463688 1 500.00 English Books
      Non-fiction Mobile Library Mobile Library 09/07/2012 RBC/27488/7.02.2012/18/16.01.2012/17.02.2012 500.00 704.947 JER B-463686 1 500.00 English Books
      Non-fiction New Rohtak Road New Rohtak Road 09/07/2012 RBC/27488/7.02.2012/18/16.01.2012/17.02.2012 500.00 704.947 JER B-463694 1 500.00 English Books
      Non-fiction Patel Nagar Patel Nagar 09/07/2012 RBC/27488/7.02.2012/18/16.01.2012/17.02.2012 500.00 704.947 JER B-463687 1 500.00 English Books
      Non-fiction R.K.Puram-8 R.K.Puram-8 09/07/2012 RBC/27488/7.02.2012/18/16.01.2012/17.02.2012 500.00 704.947 JER B-463691 1 500.00 English Books
      Non-fiction Sarojini Nagar Sarojini Nagar 09/07/2012 RBC/27488/7.02.2012/18/16.01.2012/17.02.2012 500.00 704.947 JER B-463690 1 500.00 English Books
      Non-fiction Shahdara Branch Shahdara Branch 09/07/2012 RBC/27488/7.02.2012/18/16.01.2012/17.02.2012 500.00 704.947 JER B-463695 1 500.00 English Books
      Non-fiction Vinoba Puri Vinoba Puri 09/07/2012 RBC/27488/7.02.2012/18/16.01.2012/17.02.2012 500.00 704.947 JER B-463692 1 500.00 English Books

© Delhi Public Library
Hit Counter
free hit counter